Understanding transference : The core conflictual relationsh (Record no. 10026)
[ view plain ]
| 000 -LEADER | |
|---|---|
| fixed length control field | 00540nam a2200193Ia 4500 |
| 001 - CONTROL NUMBER | |
| control field | 8774 |
| 008 - FIXED-LENGTH DATA ELEMENTS--GENERAL INFORMATION | |
| fixed length control field | 140325s9999 xx 000 0 und d |
| 020 ## - INTERNATIONAL STANDARD BOOK NUMBER | |
| International Standard Book Number | 0-465-08857-0 |
| 040 ## - CATALOGING SOURCE | |
| Transcribing agency | PK-LaUMT |
| 082 ## - DEWEY DECIMAL CLASSIFICATION NUMBER | |
| Classification number | 616.8917 |
| Item number | LUB-U |
| 100 ## - MAIN ENTRY--PERSONAL NAME | |
| Personal name | Crits-Christoph, Paul, J.T. |
| 245 ## - TITLE STATEMENT | |
| Title | Understanding transference : The core conflictual relationsh |
| Statement of responsibility, etc | Crits-Christoph, Paul, J.T.<>Luborsky, Lester |
| 260 ## - PUBLICATION, DISTRIBUTION, ETC. (IMPRINT) | |
| Date of publication, distribution, etc | 1990 |
| 300 ## - PHYSICAL DESCRIPTION | |
| Extent | 313 p. |
| 546 ## - LANGUAGE NOTE | |
| Language note | EN |
| 650 ## - SUBJECT ADDED ENTRY--TOPICAL TERM | |
| Topical term or geographic name as entry element | Psychoanalysis-case studies |
| 700 ## - ADDED ENTRY--PERSONAL NAME | |
| Personal name | Luborsky, Lester |
| 942 ## - ADDED ENTRY ELEMENTS (KOHA) | |
| Koha item type | Books |
| Withdrawn status | Lost status | Damaged status | Not for loan | Home library | Current library | Date acquired | Total Checkouts | Full call number | Barcode | Date last seen | Price effective from | Koha item type |
|---|---|---|---|---|---|---|---|---|---|---|---|---|
| UMT Main Campus | UMT Main Campus | 2014-03-25 | 616.8917 LUB-U | 9216 | 2014-03-25 | 2014-03-25 | Books |
